000 01564nam a2200241Ia 4500
999 _c51951
_d51951
001 18952
003 GE_BSU
005 20220920103702.0
008 181216s2012||||ge |||||||||||||| ||geo||
040 _cGE_BSU
041 _ageo
080 _a7 ბ-65
100 _aბიბილეიშვილი, ვლადიმერ
_911656
245 _aქართული რეჟისორული ხელოვნების ფორმირების ძირითადი პრინციპები (XX საუკუნის 10 - იანი წლები) : დისერტაცია /
_cვლადიმერ ბიბილეიშვილი; სამეცნიერო ხელმძღვანელი ვ. კიკნაძე; ბათუმის შოთა რუსთაველის სახ-ფო უნ-ტი.
264 _aბათუმი,
_c2012.
300 _a169 გვ.;
_b30 სმ.
653 _aდისერტაცია
653 _aქართული რეჟისორული ხელოვნების ფორმირების ძირითადი პრინციპები (XX საუკუნის 10-იანი წლები)
653 _aხელოვნება
700 _a კიკნაძე, ვ.
_eსამეცნიერო ხელმძღვანელი
_911657
710 _aბათუმის შოთა რუსთაველის სახ-ფო უნ-ტი.
_911658
942 _cBK
_2udc